000 01897nam a2200277Ia 4500
999 _c56378
_d56378
001 23491
003 GE_BSU
005 20260203195721.0
008 181216s1984||||ge |||||||||||||| ||geo||
040 _cGE_BSU
041 _ageo
080 _a94(479.22)(093უცხ.)+930.2(4) ტ-13
100 _aტაბაღუა, ილია
_926800
245 _aსაქართველო ევროპის არქივებსა და წიგნსაცავებში. წ. 1, XIII-XVI სს. /
_cილია ტაბაღუა ; რედ. გ. ბუაჩიძე ; საქ. სსრ მეცნ. აკად., ი. ჯავახიშვილის სახ. ისტ., არქეოლ. და ეთნოგრ. ინ-ტი.
264 _aთბილისი :
_bმეცნიერება,
_c1984.
300 _a333 გვ. ;
_c21სმ.
500 _aსაძიებლები: გვ. 313-330
541 _h6ლ.40თ.
546 _aდოკუმენტები ლათ., იტალ., ფრანგ., ინგლ. და სხვ. ენ.
653 _aსაქართველო ევროპის არქივებსა და წიგნსაცავებში. წ. 1, XIII-XVI სს.
653 _aსაქართველოს ისტორია
653 _aსაქართველოს ისტორიის უცხოური წყაროები
700 _aბუაჩიძე, გ.
_eრედაქტორი
_916076
710 _aსაქართველოს სსრ მეცნიერებათა აკადემია
_bი. ჯავახიშვილის სახ. ისტორიის, არქეოლოგიისა და ეთნოგრაფიის ინსტიტუტი
_926801
942 _cBK
_2udc